La modernización de la agricultura : los pequeños también pueden /

Guardado en:
Autor Principal: Arciniega, Jorge Gaitán.
Autor Corporativo: Organización de las Naciones Unidas para la Agricultura y la Alimentación. Oficina Regional para América Latina y el Caribe.
Otros Autores: Lacki, Polan.
Formato: Libro
Idioma:Spanish
Publicado: Santiago de Chile : FAO, 1993.
Series:Serie desarrollo rural ; nº 11
Etiquetas: Agregar Etiqueta
Sin Etiquetas, Sea el primero en etiquetar este registro!
LEADER 00700nam a22001695a 4500
001 EEA.libagro006089
005 20161006101704.0
008 130809s1993####cl############000#0#spa#d
082 0 4 |a 338.16 
100 1 |a Arciniega, Jorge Gaitán. 
245 1 3 |a La modernización de la agricultura :  |b los pequeños también pueden /  |c Jorge Gaitán Arciniega, Polan Lacki. 
260 |a Santiago de Chile :  |b FAO,  |c 1993. 
300 |a 68 h. ;  |c 30 cm. 
490 1 |a Serie desarrollo rural ;  |v nº 11 
700 1 |a Lacki, Polan. 
710 2 |a Organización de las Naciones Unidas para la Agricultura y la Alimentación.  |b Oficina Regional para América Latina y el Caribe. 
859 |a AR-BbBCA  |b BIB. AGRONOMIA  |h 338.16  |i A674  |p 1998/3448